Energy-Economy Analysis Linking the Macroeconomic and Systems Engineering Approaches
Saved in:
| Main Author: | |
|---|---|
| Format: | Book |
| Language: | English |
| Published: |
Laxenburg
International Institute for Applied Systems Analysis
1996
|
| Edition: | 1. ed. |
| Series: | RR-96-17
|
| Subjects: | |
| Tags: |
No Tags, Be the first to tag this record!
|
MARC
| LEADER | 00000nam a2200000 4500 | ||
|---|---|---|---|
| 001 | c019202 | ||
| 005 | 20221214070946.5 | ||
| 041 | 0 | |a eng | |
| 044 | |a AT | ||
| 245 | 1 | 0 | |a Energy-Economy Analysis |b Linking the Macroeconomic and Systems Engineering Approaches |c C.O. Wene |
| 250 | |a 1. ed. | ||
| 264 | 1 | |a Laxenburg |b International Institute for Applied Systems Analysis |c 1996 | |
| 300 | |a S. 809-824 | ||
| 490 | 1 | |a RR-96-17 | |
| 830 | 0 | |a RR-96-17 | |
| 500 | |a Reprinted from Energy, Vol. 21, Number 9, pp. 809-824 (1996) | ||
| 610 | 2 | 0 | |a energia |
| 610 | 2 | 0 | |a hospodárstvo energetické |
| 610 | 2 | 0 | |a makroekonomika |
| 610 | 2 | 0 | |a produkcia |
| 610 | 2 | 0 | |a modely analytické ekonometrické |
| 610 | 2 | 0 | |a inžinierstvo systémové |
| 100 | 1 | |a Wene, C.O. | |